The natural history of coal, (Record no. 25033)

MARC details
000 -LEADER
fixed length control field 00725cam a22002291 4500
001 - CONTROL NUMBER
control field gs 11000319
003 - CONTROL NUMBER IDENTIFIER
control field DLC
005 - DATE AND TIME OF LATEST TRANSACTION
control field 20260227111311.0
008 - FIXED-LENGTH DATA ELEMENTS--GENERAL INFORMATION
fixed length control field 750519s1911 enka b 000 0 eng c
010 ## - LIBRARY OF CONGRESS CONTROL NUMBER
LC control number gs 11000319
035 ## - SYSTEM CONTROL NUMBER
System control number (OCoLC)1343601
040 ## - CATALOGING SOURCE
Original cataloging agency U. S. Geol. survey.
Transcribing agency OT
Modifying agency OCoLC
-- DLC
042 ## - AUTHENTICATION CODE
Authentication code premarc
050 00 - LIBRARY OF CONGRESS CALL NUMBER
Classification number TN800
Item number .A7
100 1# - MAIN ENTRY--PERSONAL NAME
Personal name Arber, E. A. Newell
Fuller form of name (Edward Alexander Newell),
Dates associated with a name 1870-1918.
245 14 - TITLE STATEMENT
Title The natural history of coal,
Statement of responsibility, etc. by E. A. Newell Arber ...
260 ## - PUBLICATION, DISTRIBUTION, ETC.
Place of publication, distribution, etc. Cambridge [Eng.]
Name of publisher, distributor, etc. University press,
Date of publication, distribution, etc. 1911.
300 ## - PHYSICAL DESCRIPTION
Extent x, 163, [1] p.
Other physical details illus.
Dimensions 17 cm.
440 #4 - SERIES STATEMENT/ADDED ENTRY--TITLE
Title The Cambridge manuals of science and literature
504 ## - BIBLIOGRAPHY, ETC. NOTE
Bibliography, etc. note Bibliography: p. [153]-156.
650 #0 - SUBJECT ADDED ENTRY--TOPICAL TERM
Topical term or geographic name entry element Coal.

No items available.

Powered by Koha